Sports Quiz

Random Sports or State Quiz

States-least # schools in NCAA Tourney (map click) Quiz Stats

 Plays Quiz not verified by Sporcle

Challenge
Share
Tweet
Score 0/19 Timer 04:00
0 Plays Today
% Correct
MT-Grizzlies,
Bobcats
91.2%
SD-SD State
Jackrabbits
89.7%
ND-ND State
Bison
89.5%
ID-Bengals,
Vandals,
Broncos
89.3%
WY-Cowboys
88.1%
NH-Dartmouth
79.6%
ME-None
78.9%
VT-Catamounts
78.7%
NE-Cornhuskers,
Creighton Bluejays
73.6%
NM-Lobos,
Aggies
70.3%
% Correct
RI-Brown,
Friars,
RI Rams
69.7%
NV-UNLV,
Wolf Pack
67.3%
AK-None
63.7%
HI-Rainbow Warriors
62.5%
DE-Fightin' Blue Hens,
DE State Hornets
59.7%
MN-Golden
Gophers
52.4%
WV-Marshall,
WVU
48.7%
KS-Jayhawks,
Wildcats,
Shockers
36.5%
AZ-Wildcats,
Sun Devils,
Lumberjacks
33.7%

You're not logged in!

Compare scores with friends on all Sporcle quizzes.
Join for Free
OR
Log In

You Might Also Like...

Show Comments

Extras

Top Quizzes Today


Score Distribution

Your Account Isn't Verified!

In order to create a playlist on Sporcle, you need to verify the email address you used during registration. Go to your Sporcle Settings to finish the process.

Report this User

Report this user for behavior that violates our Community Guidelines.

Details: